Hűtőegységek motorjainak vizsgálata rezgésdiagnosztikai módszerrel

Elmentve itt :
Bibliográfiai részletek
Szerző: Tóth Lajos
Dokumentumtípus: Cikk
Megjelent: 2005
Sorozat:Tudományos közlemények 25
Kulcsszavak:Mérnöki tudományok
Online Access:http://acta.bibl.u-szeged.hu/21270
LEADER 00630nab a2200181 i 4500
001 acta21270
005 20210225123610.0
008 161015s2005 hu o 0|| hun d
022 |a 1785-3419 
040 |a SZTE Egyetemi Kiadványok Repozitórium  |b hun 
041 |a hun 
100 1 |a Tóth Lajos 
245 1 0 |a Hűtőegységek motorjainak vizsgálata rezgésdiagnosztikai módszerrel  |h [elektronikus dokumentum] /  |c  Tóth Lajos 
260 |c 2005 
300 |a 111-115 
490 0 |a Tudományos közlemények  |v 25 
695 |a Mérnöki tudományok 
856 4 0 |u http://acta.bibl.u-szeged.hu/21270/1/szef_tudkozl_025_111-115.pdf  |z Dokumentum-elérés